000 00985naa a2200289 c 4500
001 40736
003 ES-MaCES
005 20150929135602.0
008 101006n2010 fr t 000 | fre d
035 _aCES20100010753v
040 _aES-MaCES
_bspa
_cES-MaCES
100 1 _aKahmann, Marcus
_915634
245 1 0 _aVers une politique européenne d'immigration économique?
_cMarcus Kahmann
650 4 _aespacio social europeo
_930775
650 4 _agobierno local
_927219
650 4 _aobligaciones
_931081
650 4 _aderechos económicos y sociales
_929875
650 4 _amovilidad de la mano de obra
_928354
650 4 _amigración internacional
_929805
650 4 _apolítica migratoria
_929183
653 1 0 _aCondiciones económicas
650 4 _926752
_aUE
773 0 _tIRES
_gnº 125 (juil. 2010){10260 R. 077570}; p. 33-45
_w(ES-MaCES)25273
_946764
902 _aART Artículo de revista
942 _2CES
_cAR
_h0.0.
999 _c40736
_d40736